Cestovanie inak : kolesá, či krídla ?
Svet sa pomaly začína podobať na jeden veľký dopravný kolaps. Riešenie je len jediné - diverzifikovať spôsob dopravy a zefektívniť logistiku. Verejná doprava, vlaky, letecká doprava. Cestujte rikšou.
Salvato in:
| Autore principale: | |
|---|---|
| Altri autori: | |
| Natura: | Capitolo di libro |
| Lingua: | slovacco |
| Soggetti: | |
| Tags: |
Nessun Tag, puoi essere il primo ad aggiungerne!!
|
MARC
| LEADER | 00000naa$a2200000$$$4500 | ||
|---|---|---|---|
| 001 | 0104651 | ||
| 005 | 20240502072140.2 | ||
| 041 | 0 | |a slo | |
| 044 | |a SK | ||
| 245 | 1 | 0 | |a Cestovanie inak : kolesá, či krídla ? |c Michal Feik, Martin Grančay |
| 520 | |a Svet sa pomaly začína podobať na jeden veľký dopravný kolaps. Riešenie je len jediné - diverzifikovať spôsob dopravy a zefektívniť logistiku. Verejná doprava, vlaky, letecká doprava. Cestujte rikšou. | ||
| 610 | 2 | 0 | |a doprava |
| 610 | 2 | 0 | |a diverzifikácia |
| 610 | 2 | 0 | |a doprava cestná |
| 610 | 2 | 0 | |a doprava letecká |
| 610 | 2 | 0 | |a doprava železničná |
| 100 | 1 | |a Feik, Michal | |
| 700 | 1 | |a Grančay, Martin, 1984-2024 | |